000 00631nam a22002297a 4500
003 OSt
005 20140310183120.0
008 130201t xxu||||| |||| 00| 0 eng d
020 _a9712334449
050 _aNX 440
_b.Sa211 2002
082 _aFIL 700.1
_b.Sa211 2002
245 _aIntroduction to the humanities
_cSanchez, Custodiosa Ancheta, Abad, Paz F. and Jao, Loreto V.
260 _aManila
_bRex Book Store
_cc1982
300 _a191 p.
_c25 cm.
_bill.
521 _acollege students
526 _c1210L-1700L
541 _j1
541 _j2
541 _j3
562 _e1
942 _2lcc
_cBK
_kFIL
999 _c18925
_d18925